甲府市?江府町? - Statistics

General Stats
  • This quiz has been taken 17 times
  • The average score is 8 of 10
Answer Stats
Hint Explanation Answer % Correct
警察署がない 江府町
100%
国立大学がある 山梨大学がある 甲府市
94%
科学館がある 山梨県立科学館がある 甲府市
94%
「こうふ」駅がない 江府町の駅は江尾駅と武庫駅の2つ 江府町
94%
2桁国道がある 国道20号、52号 甲府市
88%
他県の隣接自治体は1つだけ 甲府市:長野県川上村のみ
江府町:岡山県真庭市、新庄村の2つ
甲府市
82%
おもな川に日野川がある 江府町
82%
要害山城がある 国指定史跡。主な城主は武田氏。 甲府市
76%
江美城がある 現在は民俗資料館になっている。 江府町
76%
姉妹都市に奈良県大和郡山市がある 甲府市
47%
No matching quizzes found
Score Distribution
Percent of People with Each Score
Percentile by Number Answered
Your Score History
You have not taken this quiz